000 00631cam a2200205 4500500
005 20260329002810.0
041 _afre
042 _adc
100 1 0 _aNassif, Philippe
_eauthor
245 0 0 _aPascal Chabot, Matthew Crawford. Le travail à portée de main
260 _c2013.
500 _a68
690 _aArtisanat
690 _aBurn out
690 _aMatthew Crawford
690 _aPascal Chabot
690 _aTravail
786 0 _nPhilosophie magazine | 74 | 11 | 2013-11-01 | p. 17-19 | 1951-1787
856 4 1 _uhttps://shs.cairn.info/magazine-philosophie-magazine-2013-11-page-17?lang=fr&redirect-ssocas=7080
999 _c1818485
_d1818485